[Event "SU Annen (ch)"]
[Site "?"]
[Date "2024.03.08"]
[Round "4"]
[White "Steding, Lennard"]
[Black "Zimmermann, Kolya"]
[Result "1/2-1/2"]
[WhiteElo "1454"]
[BlackElo "1140"]
[PlyCount "151"]
[EventDate "2024.01.12"]
[EventType "swiss"]
[EventRounds "7"]
[SourceDate "2024.01.12"]

1. e4 e5 2. Nf3 Nc6 3. Bc4 Bc5 4. c3 Nf6 5. d3 h6 6. b4 Bb6 7. b5 Na5 8. Nxe5
Nxc4 9. Nxc4 d6 10. Nxb6 axb6 11. O-O O-O {#} 12. Re1 (12. h3) (12. Bf4) (12.
Nd2) (12. Be3) (12. Qf3) (12. c4) (12. Bb2) (12. f4 {- C 54}) 12... Qe7 13. Bb2
Bg4 14. f3 Bh5 15. c4 c6 16. bxc6 bxc6 17. Nc3 Nd7 18. Ne2 Qg5 19. Ng3 Ne5 20.
Nxh5 Qxh5 21. f4 Qxd1 22. Rexd1 Ng4 23. Rf1 f5 24. h3 Ne3 25. Rf3 Nc2 26. Rc1
Nb4 27. a3 Na6 28. exf5 Rxf5 29. Rg3 Ra7 30. Rg6 Rd7 31. g3 Nc5 32. Rd1 Kh7 33.
Rg4 d5 34. cxd5 Rfxd5 35. d4 Ne6 36. Rc1 Rc7 37. f5 Rxf5 38. h4 Rcf7 39. Re4
Rf2 40. Rxe6 Rxb2 41. Rcxc6 Rff2 42. Rxb6 Ra2 43. Rb1 Rg2+ 44. Kf1 Rxg3 45. Re2
Raxa3 46. Rb8 Rg4 47. Ree8 Rxh4 48. Rh8+ Kg6 49. Rb6+ Kh5 50. Rb5+ g5 51. d5
Rh2 52. Kg1 Rd2 53. Rb1 Rxd5 54. Re8 Rd2 55. Re6 Rh3 56. Rbb6 Kg4 57. Rb4+ Kf5
58. Ra6 Re3 59. Kf1 h5 60. Ra8 g4 61. Rb5+ Re5 62. Rf8+ Ke4 63. Rxe5+ Kxe5 64.
Re8+ Kf5 65. Rf8+ Kg5 66. Rg8+ Kh4 67. Ra8 g3 68. Rh8 g2+ 69. Kg1 Rd1+ 70. Kxg2
Kg4 71. Rg8+ Kf5 72. Kh3 Rh1+ 73. Kg2 Rh4 74. Rf8+ Ke4 75. Kg3 Rg4+ 76. Kh3
1/2-1/2

[Event "SU Annen (ch)"]
[Site "?"]
[Date "2024.03.15"]
[Round "5"]
[White "Jeschke, Holger"]
[Black "Schröder, Paul"]
[Result "1-0"]
[WhiteElo "1836"]
[BlackElo "1508"]
[PlyCount "99"]
[EventDate "2024.01.12"]
[EventType "swiss"]
[EventRounds "7"]
[SourceDate "2024.01.12"]

1. b4 e5 2. Bb2 Bxb4 3. Bxe5 Nf6 4. Nf3 Nc6 5. Bb2 d5 6. e3 {#} b6 (6... Bd6) (
6... Ne7) (6... Be7) (6... Bd7) (6... Qe7) (6... Be6) (6... Bf5) (6... a6) (
6... Bg4) (6... O-O {- A 00/04}) 7. Bb5 Bd7 8. c4 dxc4 9. Qa4 Bxd2+ 10. Nbxd2
Nb8 11. Bxd7+ Nbxd7 12. Qxc4 O-O 13. O-O b5 14. Qc6 a6 15. Rac1 Qe7 16. Qxc7
Rfc8 17. Qb7 Rcb8 18. Qc7 Rc8 19. Qg3 Qb4 20. Bd4 Qa3 21. Rxc8+ Rxc8 22. Ne4
Ne8 23. Qg4 Rc7 24. h4 Qxa2 25. Ra1 Qd5 26. Nc3 Qb7 27. Qg5 Nf8 28. Qe5 Ne6 29.
Ng5 Rc6 30. Qe4 g6 31. Nxe6 fxe6 32. Qe5 Ng7 33. Ne4 Qc7 34. Nf6+ Kf7 35. Qxc7+
Rxc7 36. Nxh7 Rc6 37. Ng5+ Kf8 38. g4 Ne8 39. h5 gxh5 40. gxh5 e5 41. Bxe5 Ng7
42. Nh7+ Kf7 43. Ng5+ Kf8 44. Rd1 Nxh5 45. Rd6 Rc1+ 46. Kg2 a5 47. Ra6 a4 48.
Ne6+ Ke7 49. Nd4 Rb1 50. Kf3 1-0

[Event "SU Annen (ch)"]
[Site "?"]
[Date "2024.03.15"]
[Round "5"]
[White "Köhler, Frank"]
[Black "Krug, Christopher"]
[Result "1-0"]
[WhiteElo "1733"]
[BlackElo "1498"]
[PlyCount "87"]
[EventDate "2024.01.12"]
[EventType "swiss"]
[EventRounds "7"]
[SourceDate "2024.01.12"]

1. c4 g6 2. g3 Nf6 3. Bg2 c6 4. Nf3 Bg7 5. Nc3 d6 6. O-O Bg4 7. d3 Nbd7 {#} 8.
a3 (8. Bg5 Qc7 9. Qd2 O-O 10. Bh6 Ne8 11. Bxg7 Nxg7 12. Qf4 Bxf3 13. Bxf3 e5
14. Qd2 a6 15. b4 Ne6 16. b5 Nd4 17. bxc6 Nxf3+ 18. exf3 bxc6 19. f4 exf4 20.
Qxf4 Ne5 21. Qe4 Rfe8 22. f4 f5 23. Qd4 Ng4 24. Rfe1 Re7 25. Nd5 Rxe1+ 26. Rxe1
Qa7 27. Re8+ Kf7 28. Re7+ Qxe7 29. Nxe7 Kxe7 30. Qg7+ Ke6 31. Qxh7 Rb8 32.
Qxg6+ Ke7 33. Qg7+ Ke6 34. Qa1 a5 35. h3 Nf6 36. Qe1+ Kd7 37. c5 Re8 38. Qxa5
dxc5 39. Qxc5 Nd5 40. Qd4 Re3 41. Kf2 Re7 42. a4 Kd6 43. a5 c5 44. Qh8 Nb4 45.
Qf6+ Re6 46. Qxf5 Nc6 47. a6 {1-0 Rubio Barrio,J-Gomez Velasco,J, Valladolid
1999}) 8... Rb8 9. Bd2 a6 10. Rb1 c5 11. h3 Bxf3 12. Bxf3 Ne5 13. Bg2 O-O 14.
e4 Nc6 15. Ne2 e5 16. Kh2 Nd7 17. f4 f5 18. fxe5 Ndxe5 19. Bc3 fxe4 20. Bxe4
Rxf1 21. Qxf1 Qf8 22. Nf4 Bh6 23. Bd5+ Kh8 24. Ne6 Qxf1 25. Rxf1 Ne7 26. Be4
Kg8 27. g4 Bg7 28. Nxg7 Kxg7 29. d4 cxd4 30. Bxd4 b6 31. Kg3 Kg8 32. Bd5+ Nxd5
33. cxd5 Nc4 34. Rf6 Nd2 35. Kf4 b5 36. Rxd6 g5+ 37. Kf5 Nf3 38. Bf6 a5 39.
Rd8+ Rxd8 40. Bxd8 a4 41. Bxg5 Kf7 42. Be3 Ke7 43. Ke4 Nh4 44. Bg5+ 1-0

[Event "SU Annen (ch)"]
[Site "?"]
[Date "2024.03.15"]
[Round "5"]
[White "Steding, Lennard"]
[Black "Solomov, Christian"]
[Result "1/2-1/2"]
[WhiteElo "1454"]
[BlackElo "1152"]
[PlyCount "150"]
[EventDate "2024.01.12"]
[EventType "swiss"]
[EventRounds "7"]
[SourceDate "2024.01.12"]

1. e4 c5 2. Nf3 Nc6 3. d4 cxd4 4. Nxd4 g6 5. Be3 Bg7 6. Nc3 Nf6 7. f3 O-O 8.
Qd2 d5 9. Nxc6 bxc6 10. Bh6 Bxh6 11. Qxh6 dxe4 12. fxe4 {#} Qb6 (12... Qd4 13.
Qd2 Qb6 14. O-O-O Bg4 15. Re1 Rfd8 16. Qe3 Qa5 17. Bc4 Qe5 18. h3 Bc8 19. Rd1
Bf5 20. Rxd8+ Rxd8 21. Re1 Bc8 22. g4 Rd4 23. Rd1 Rxd1+ 24. Kxd1 e6 25. Bd3 c5
26. Kd2 Bb7 27. b3 Bc6 28. a3 Kg7 29. g5 Nh5 30. Ne2 a5 31. c3 f6 32. h4 fxg5
33. Qxg5 Qd6 34. e5 Qd7 35. Qe3 Qe7 36. Qg5 Qd7 37. Qe3 a4 38. Qxc5 axb3 39.
Qb4 Bd5 40. c4 Bf3 41. Qd6 Qa7 42. Nd4 Bg4 43. Nxb3 Nf4 44. Qd4 Qf7 45. Be4 Ne2
46. Qe3 h6 47. c5 Qa7 48. c6 Qxa3 49. Qc5 Qb2+ 50. Bc2 Ng3 51. Qe7+ Kg8 52.
Qe8+ {1-0 Gombocz,F (2032)-Toth,M (2017), Magyarorszag 2009}) (12... Ng4 13.
Qd2 Qc7 14. O-O-O Be6 15. h3 Rfd8 16. Bd3 Ne5 17. Qe3 Qa5 18. Kb1 Rab8 19. Ka1
Rxb2 20. Kxb2 Qb4+ {0-1 Orlowski,T (1727)-Muesing,S (2069), Bueckeburg 2007}) (
12... Rb8 13. Qc1 (13. Bd3 Rxb2 14. Qe3 Qa5 15. Qd2 Rd8 16. Nd1 Qxd2+ 17. Kxd2
Rb4 18. Ke3 Ng4+ 19. Ke2 c5 20. Ne3 Rbd4 21. Nc4 Be6 22. Na5 c4 23. Nc6 cxd3+
24. cxd3 Rxd3 25. Nxd8 Rxd8 26. h3 Bc4+ 27. Kf3 Ne5+ 28. Kf4 f6 29. Rhd1 Rc8
30. a3 Bb3 31. Rac1 Rxc1 {0-1 Tsakas,N (1738)-Bermejo Arruego,L (2175), Madrid
2014}) (13. b3 Nxe4 14. Nxe4 Qd4 15. Rd1 Qxe4+ 16. Kd2 Bf5 17. Bd3 Qxg2+ 18.
Kc3 Bxd3 19. Kxd3 Qd5+ 20. Ke3 Qg2 21. Kd3 Rfd8+ {0-1 Mitic,D (2151)
-Radosavljevic,S (2194), Srbija 2012}) 13... Qd4 14. Bd3 c5 (14... Ng4 15. Nd1
Ne5 16. Qe3 Qxe3+ 17. Nxe3 Nxd3+ 18. cxd3 Rxb2 19. g3 Ba6 20. Nd1 Rc2 21. Nf2
Rb8 22. O-O Rbb2 23. Rab1 Rxf2 {0-1 Cella,G (1978)-Caetano,H (2204), Londrina
2018}) 15. Ne2 Qb4+ 16. c3 Qxb2 17. Rb1 Qxc1+ 18. Nxc1 Rxb1 19. Bxb1 Bb7 20.
O-O Bxe4 21. Rxf6 exf6 {0-1 Eriksson,B (2033)-Lindberg,H (2279), Hallstahammar
2004}) 13. b3 Nxe4 14. Nxe4 Qd4 15. Bd3 Qxa1+ 16. Kf2 Qd4+ 17. Kf3 Bg4+ 18. Kg3
Bf5 19. Re1 Bxe4 20. Rxe4 Qg7 21. Qxg7+ Kxg7 22. Rxe7 Kf6 23. Rc7 Rfc8 24. Rb7
a5 25. Bc4 Rf8 26. Rb6 Ke5 27. Rxc6 Rfc8 28. Rb6 Rc7 29. Rb5+ Kd4 30. Kf3 a4
31. Kf4 h6 32. Rb6 axb3 33. Bxb3 Re8 34. Rf6 Re2 35. Kf3 Ree7 36. h3 Ke5 37.
Ra6 Rc3+ 38. Kf2 Rec7 39. Ra8 Kf4 40. Ra4+ Kg5 41. Ra8 f5 42. Rd8 Rxc2+ 43.
Bxc2 Rxc2+ 44. Kg3 Rxa2 45. Rd3 Ra1 46. Rb3 Rf1 47. Rb5 Re1 48. Rb3 Re4 49. Kf3
Kh4 50. Rb6 Kg5 51. Rb3 h5 52. Rb6 Ra4 53. Rb3 Kh4 54. Rb1 Rc4 55. g3+ Kg5 56.
h4+ Kh6 57. Re1 Kg7 58. Re3 Kf6 59. Re1 g5 60. hxg5+ Kxg5 61. Rh1 Rc3+ 62. Kf2
Kg4 63. Rh4+ Kg5 64. Rh1 Rc4 65. Kf3 Rc6 66. Rh4 Re6 67. Rh1 Rh6 68. Rh4 Re6
69. Rh1 Re4 70. Rh2 Ra4 71. Rh1 Rb4 72. Kf2 Rb3 73. Rh4 Rd3 74. Kg2 Ra3 75. Kf2
Ra2+ 1/2-1/2

[Event "SU Annen (ch)"]
[Site "?"]
[Date "2024.03.15"]
[Round "5"]
[White "Helbig, Dieter"]
[Black "Reichard, Sven"]
[Result "1/2-1/2"]
[WhiteElo "1569"]
[BlackElo "1415"]
[PlyCount "90"]
[EventDate "2024.01.12"]
[EventType "swiss"]
[EventRounds "7"]
[SourceDate "2024.01.12"]

1. e4 c5 2. Nf3 d6 3. d4 cxd4 4. Nxd4 Nf6 5. Nc3 Nc6 6. Be2 e6 7. Be3 Be7 8.
O-O O-O 9. f4 e5 10. Nxc6 bxc6 11. fxe5 dxe5 12. Kh1 {#} Bb7 (12... Qa5 13. Qe1
Kh8 14. Qg3 Rb8 15. Rab1 Be6 16. Bd3 Ng4 17. Bd2 Qc7 18. h3 Nf6 19. b3 Rfd8 20.
Nd1 Nxe4 21. Bxe4 Rxd2 22. Ne3 Rd4 23. Nf5 Bxf5 24. Bxf5 g6 25. Bd3 f5 26. Rbd1
Bf6 27. Be2 Bh4 {0-1 Borst,F (2049)-van Overdam,J (2277) Leiden 2012}) (12...
Be6 13. Qxd8 Rfxd8 14. Bd3 Nd7 (14... c5 15. b3 Rdc8 16. Nb5 c4 17. bxc4 a6 18.
Nc3 Bxc4 19. Na4 Bxd3 20. cxd3 Ng4 21. Bg1 Bd8 22. Rac1 {1/2-1/2 Goetz,R (2350)
-Kestler,H (2360), BRD 1990}) 15. Na4 c5 16. b3 Rab8 17. c4 Nb6 18. Nb2 Bd7 19.
Bc2 Bc6 20. Nd1 Nd7 21. Nc3 Nf8 22. Nd5 Bd6 23. Bd2 Ne6 24. Ba5 Re8 25. Rf2 Rb7
26. Raf1 Nd4 27. Bd1 Rf8 28. Bg4 Be7 29. Bc3 Bh4 30. Rd2 g6 31. Bxd4 cxd4 32.
Rd3 a5 33. g3 Be7 34. Bd1 Kg7 35. Rdf3 h5 36. a4 Bd8 37. Bc2 Bd7 38. Kg2 h4 39.
Kg1 Bg4 40. R3f2 Bg5 41. Re1 d3 42. Bxd3 hxg3 43. Rb2 gxh2+ 44. Kxh2 Rh8+ 45.
Kg2 Bh3+ 46. Kf3 Bd7 47. Rg1 Rh3+ 48. Rg3 Rxg3+ 49. Kxg3 Bxa4 50. b4 axb4 51.
Rxb4 Rxb4 52. Nxb4 Be7 53. Na6 Bc6 54. Nb8 Bb7 55. Nd7 Bc8 56. Nb6 Be6 57. Nd5
Bc5 58. Nc7 Bc8 59. Ne8+ Kf8 60. Nf6 Ke7 61. Nd5+ Ke6 62. Kg4 f6 63. Kf3 f5 64.
exf5+ gxf5 65. Bf1 Kf7 66. Bd3 Kg6 67. Bc2 Kg5 68. Nc3 Bb7+ 69. Nd5 Bc6 70. Bd3
Bd4 71. Bc2 Be8 72. Nc7 Bh5+ 73. Kg2 Bf7 74. Nd5 e4 75. Kg3 Bg6 76. Kg2 f4 77.
Bd1 Bf5 {0-1 Goetz,R (2315)-Ksieski,Z (2395), Moskva 1990}) (12... Qxd1 13.
Raxd1 Bb4 (13... Be6 14. Bf3 Rfd8 15. Na4 a5 16. Nc5 Rxd1 17. Rxd1 Bxc5 18.
Bxc5 Bxa2 19. Ra1 Nd7 20. Be3 Be6 {1/2-1/2 Gerola,G (2476)-Thomsen,K (2471),
email 2006}) 14. Bd3 Bxc3 15. bxc3 Be6 16. a4 a6 17. h3 Rfc8 18. Rb1 c5 19. c4
Bd7 20. a5 Bc6 21. Rf5 Nd7 22. Rbf1 f6 23. Rb1 Rab8 24. Rff1 Rxb1 25. Rxb1 Kf7
26. Kg1 Ke6 27. Kf2 g6 28. g4 Rh8 29. Kg3 Kd6 30. Bd2 Rb8 31. Ra1 Ke7 32. Rf1
Rb2 33. Ra1 Nf8 34. g5 Nd7 35. gxf6+ Kxf6 36. h4 Ke6 37. Be3 Rb4 38. Rh1 Ra4
39. Bd2 Nf6 40. Re1 Ra2 41. Kf3 Rb2 42. Bc3 Rb7 43. Rg1 Kf7 {1/2-1/2 Qin,K 
(2315)-Ciburdanidze,M (2505), Shanghai 1992}) 13. a3 c5 14. Bf3 Rb8 15. Qe1 Ba6
16. Rf2 Rxb2 17. Na4 Rb8 18. Qc3 Qc7 19. Rd2 Rfd8 20. Rad1 Rxd2 21. Bxd2 Nd7
22. Qe3 f6 23. Nc3 Nb6 24. Nd5 Nxd5 25. exd5 Bd6 26. Bg4 Bc8 27. Bxc8 Qxc8 28.
c4 Qa6 29. Qd3 Qa4 30. Bc1 Rb3 31. Qf5 Qe8 32. Re1 Qe7 33. Qe4 g6 34. Qc2 Rb8
35. Bd2 f5 36. Bc3 e4 37. g3 Be5 38. Rd1 Qf6 39. Bxe5 Qxe5 40. d6 Rd8 41. d7
Qc7 42. Qa4 Kf7 43. Qb5 Ke7 44. Qb2 Ke6 45. Qb5 Qb6 1/2-1/2

[Event "SU Annen (ch)"]
[Site "?"]
[Date "2024.03.15"]
[Round "5"]
[White "Stergar, Lothar"]
[Black "Zimmermann, Kolya"]
[Result "0-1"]
[WhiteElo "1612"]
[BlackElo "1140"]
[PlyCount "94"]
[EventDate "2024.01.12"]
[EventType "swiss"]
[EventRounds "7"]
[SourceDate "2024.01.12"]

1. e4 e5 2. Nf3 Nc6 3. Bb5 a6 4. Ba4 d6 5. d4 b5 6. Bb3 Nxd4 7. Nxd4 exd4 8.
Qxd4 c5 9. Qd5 Be6 10. Qc6+ Bd7 11. Qd5 c4 12. Bxc4 bxc4 13. Qxc4 Bb5 14. Qd4
Nf6 15. c4 {#} Rc8 (15... Bc6 16. O-O (16. Nc3 Be7 17. Bf4 Nh5 18. Be3 O-O 19.
Rd1 Bf6 20. Qd3 Be5 21. O-O f5 22. exf5 Nf4 23. Bxf4 Bxf4 24. Nd5 Bxd5 25.
Qxd5+ Kh8 26. g3 Be5 27. b3 Bc3 28. Qxd6 Qxd6 29. Rxd6 Rxf5 30. Rfd1 Raf8 31.
f4 a5 32. R6d5 Rxd5 33. Rxd5 Kg8 34. Rd7 Re8 35. c5 Rc8 36. Rd5 Rxc5 37. Rxc5
Bd4+ 38. Kf1 Bxc5 39. Ke2 Kf7 40. Kd3 Bg1 41. Ke4 Bxh2 42. g4 Ke6 43. a3 h6 44.
b4 a4 45. b5 Bg1 46. g5 h5 47. f5+ Kf7 48. Kf4 g6 49. Ke5 h4 50. fxg6+ Kxg6 51.
Kf4 h3 52. Kg3 h2 53. Kg2 Kxg5 54. b6 Bxb6 55. Kxh2 Kf4 56. Kg2 Ke3 57. Kf1 Kd2
58. Kg2 Bc5 59. Kf3 Kd3 60. Kg2 Bxa3 {0-1 Ditz,R (1709)-Seichter,A (1801),
Leipzig 2015}) 16... Be7 17. Nc3 Qa5 (17... O-O 18. Rb1 (18. Re1 Qc7 19. Nd5
Nxd5 20. exd5 Bf6 21. Qd3 Bd7 22. Rb1 g6 23. Bh6 Rfe8 24. b3 Bh8 25. Qg3 a5 26.
h4 Re5 27. Bf4 Bf5 28. Bxe5 Bxe5 29. f4 Qc5+ 30. Kh1 Bd4 31. Qf3 Bxb1 32. Rxb1
Re8 33. f5 Re3 34. Qg4 Be5 35. fxg6 hxg6 36. Rf1 Qd4 37. Qd7 Qxh4+ 38. Qh3
Rxh3+ {0-1 Amaya Vargas,E-Blasco Camacho,F (1670), Cali 2015}) 18... Rb8 19. b4
Nd7 20. Be3 Bf6 21. Qxd6 Bxc3 22. Qxc6 Rxb4 23. Qxa6 Qa8 {1/2-1/2 Gade,B (1447)
-Baer,C (1469), Frankfurt 2017}) 18. Bd2 Qc5 19. Qd3 Nd7 20. Nd5 Bxd5 21. Qxd5
Qxd5 22. exd5 O-O 23. Be3 Bf6 24. Rab1 Rab8 25. b3 Rb7 26. Rfe1 Bc3 27. Re2 Re8
28. Kf1 Bb4 29. a3 Bxa3 30. Ra2 Bc5 31. Bxc5 Nxc5 32. b4 Nd3 33. Rxa6 Rxb4 34.
Rd1 Rxc4 35. Rxd6 Rc2 36. f3 Rd2 37. Rb1 Rde2 38. g4 Re1+ 39. Rxe1 Rxe1+ 40.
Kg2 Nf4+ 41. Kf2 Re2+ 42. Kg3 g5 {0-1 Guerra Jimeno,J-Losada Ferriz,J, Pont de
Vilomara 1998}) 16. b3 Qc7 17. Bd2 Bd7 18. Nc3 Qc5 19. Be3 Qxd4 20. Bxd4 Be7
21. O-O O-O 22. Rfe1 Bc6 23. Nd5 Bxd5 24. exd5 Rfe8 25. Re3 Bd8 26. Rae1 Rxe3
27. Rxe3 Kf8 28. h3 Nd7 29. f4 Bf6 30. Bxf6 Nxf6 31. Kf2 Re8 32. Kf3 Rxe3+ 33.
Kxe3 Ke7 34. b4 Kd8 35. a4 Kc7 36. Kd4 Nd7 37. a5 f5 38. c5 g6 39. Kc4 Nf6 40.
c6 h6 41. g3 g5 42. fxg5 hxg5 43. h4 gxh4 44. gxh4 f4 45. Kd4 f3 46. b5 axb5
47. a6 Kb6 0-1

[Event "SU Annen (ch)"]
[Site "?"]
[Date "2024.04.12"]
[Round "6"]
[White "Jeschke, Holger"]
[Black "Köhler, Frank"]
[Result "1/2-1/2"]
[WhiteElo "1836"]
[BlackElo "1733"]
[PlyCount "81"]
[EventDate "2024.01.12"]
[EventType "swiss"]
[EventRounds "7"]
[SourceDate "2024.01.12"]

1. b4 Nf6 2. Bb2 g6 3. e3 Bg7 4. f4 d6 5. Nf3 O-O 6. c4 Nbd7 7. Be2 Re8 8. O-O
{#} c5 (8... e5 9. fxe5 dxe5 10. c5 c6 11. Qb3 Qc7 12. Bc4 Rf8 13. Ng5 Nb8 14.
Nc3 h6 15. Nge4 Nxe4 16. Nxe4 Qe7 17. Rxf7 Rxf7 18. Nd6 Nd7 19. Nxf7 Kh7 20.
Rf1 Nf6 21. Nxe5 Bf5 22. Bd3 Bxd3 23. Qxd3 Qe8 24. Nc4 Qe7 25. Qd6 Qxd6 26.
Nxd6 Rf8 27. Nxb7 Nd5 28. Bxg7 Kxg7 29. Rxf8 Kxf8 30. a3 Ke7 31. Na5 Kd7 32.
Nc4 Ke6 33. g3 Kf5 34. Kf2 Ke4 35. Ke2 Ne7 36. g4 h5 37. h3 Nd5 38. d3# {1-0
Meckel,H (1867)-Pislaru,A (1181), Bad Godesberg 2013}) 9. bxc5 dxc5 10. Nc3 e5
11. Nb5 exf4 12. exf4 Nf8 13. Be5 Re7 14. Rb1 Ne8 15. Bxg7 Nxg7 16. Ne5 a6 17.
Nc3 Nf5 18. Bf3 Ne6 19. Bd5 Rb8 20. g4 Nfg7 21. Ne4 Nxf4 22. Nf6+ Kh8 23. Rxf4
Rxe5 24. d4 cxd4 25. Qxd4 Qe7 26. Rbf1 b5 27. Ne4 f5 28. gxf5 Bxf5 29. Ng3 bxc4
30. Bxc4 Qc5 31. Bxa6 Ra8 32. Bc4 Ne6 33. Qxc5 Rxc5 34. Bxe6 Bxe6 35. Rf8+ Rxf8
36. Rxf8+ Kg7 37. Ra8 Rc1+ 38. Kf2 Rc2+ 39. Kg1 Bxa2 40. Ra5 Bf7 41. Ne4
1/2-1/2

[Event "SU Annen (ch)"]
[Site "?"]
[Date "2024.04.12"]
[Round "6"]
[White "Schröder, Paul"]
[Black "Steding, Lennard"]
[Result "1-0"]
[WhiteElo "1508"]
[BlackElo "1454"]
[PlyCount "41"]
[EventDate "2024.01.12"]
[EventType "swiss"]
[EventRounds "7"]
[SourceDate "2024.01.12"]

1. c4 g6 2. Nc3 Bg7 3. d4 d6 4. g3 Nc6 5. e3 {#} Bf5 (5... f5) (5... Nf6) (5...
e5 {- A42/6}) 6. Bd3 Bxd3 7. Qxd3 Nb4 8. Qd1 c5 9. a3 Nc6 10. d5 Ne5 11. Qa4+
Qd7 12. Nb5 Rc8 13. Qb3 a6 14. Nc3 Nd3+ 15. Ke2 Nxc1+ 16. Rxc1 e6 17. e4 exd5
18. Nxd5 Qc6 19. Nf3 Nf6 20. Qc3 O-O 21. Ne7+ 1-0

[Event "SU Annen (ch)"]
[Site "?"]
[Date "2024.04.12"]
[Round "6"]
[White "Krug, Christopher"]
[Black "Reichard, Sven"]
[Result "1-0"]
[WhiteElo "1498"]
[BlackElo "1415"]
[PlyCount "113"]
[EventDate "2024.01.12"]
[EventType "swiss"]
[EventRounds "7"]
[SourceDate "2024.01.12"]

1. d4 Nf6 2. Nf3 g6 3. Nc3 Bg7 4. e4 d6 5. Bc4 O-O 6. h3 Nxe4 7. Nxe4 d5 8. Bd3
dxe4 9. Bxe4 Nd7 10. c3 Nf6 11. Bc2 Be6 {#} 12. Bb3 (12. O-O a5 13. Be3 Nd5 14.
Qd2 Nxe3 15. fxe3 c5 16. Qe2 Qb6 17. Bd3 Rac8 18. Qd2 Rfd8 19. Bc2 Bh6 20. b3
cxd4 21. Nxd4 Qc5 22. c4 Bxe3+ 23. Qxe3 Qxd4 24. Qxd4 Rxd4 25. Rad1 Rcd8 26.
Kh2 f5 27. Kg3 Kf7 28. Rxd4 Rxd4 29. Rd1 Rxd1 30. Bxd1 Kf6 31. h4 h6 32. Bc2 g5
33. hxg5+ hxg5 34. Kf3 g4+ 35. Kf4 Bd7 36. a3 e5+ 37. Ke3 f4+ 38. Ke2 Bc6 39.
Kf1 g3 40. b4 axb4 41. axb4 b6 42. Bd1 e4 43. c5 b5 44. Kg1 Ke5 45. Kh1 Kd4 46.
Kg1 Kc4 47. Bf3 exf3 48. Kh1 Kxb4 49. Kg1 Kxc5 50. gxf3 {0-1 Gurjar,R (1282)
-Ackley,P (2092), Daventry 2020}) 12... Qd7 13. Ne5 Qc8 14. Bf4 Rd8 15. Bxe6
Qxe6 16. Qe2 Nd5 17. Bg3 c6 18. Qg4 Qxg4 19. Nxg4 Rac8 20. O-O c5 21. dxc5 Rxc5
22. Rad1 e6 23. Ne3 Rd7 24. Rfe1 b5 25. a4 Nb6 26. Rxd7 Nxd7 27. Rd1 Nf8 28.
Bd6 Rh5 29. g4 Rxh3 30. Kg2 Rxe3 31. fxe3 a6 32. Bxf8 Bxf8 33. Rd8 Kg7 34. axb5
axb5 35. Rb8 b4 36. c4 Bd6 37. Rc8 Kf6 38. c5 Be5 39. b3 Ke7 40. Rc6 Kd7 41.
Rb6 Bc3 42. g5 Kc7 43. Kf3 Be1 44. Ra6 Kb7 45. Ra1 Bh4 46. Rh1 Bxg5 47. Rxh7
Kc6 48. Rxf7 Bd8 49. Rg7 g5 50. Rg6 Kxc5 51. Rxe6 Kd5 52. Re4 Kc5 53. Rc4+ Kb5
54. Kg4 Be7 55. Rc7 Bf6 56. Kf5 Bd8 57. Rd7 1-0

[Event "SU Annen (ch)"]
[Site "?"]
[Date "2024.03.20"]
[Round "6"]
[White "Zimmermann, Kolya"]
[Black "Helbig, Dieter"]
[Result "1-0"]
[WhiteElo "1140"]
[BlackElo "1569"]
[PlyCount "81"]
[EventDate "2024.01.12"]
[EventType "swiss"]
[EventRounds "7"]
[SourceDate "2024.01.12"]

1. e4 g6 2. d4 d6 3. Nf3 Bg7 4. Be3 Nf6 5. Nbd2 Nbd7 6. Bc4 e6 7. c3 O-O {#} 8.
O-O (8. Ng5 Nb6 9. Bb3 Bd7 10. O-O Qe8 11. f4 Ba4 12. Bxa4 Qxa4 13. b3 Qe8 14.
Qf3 Rc8 15. Qh3 h6 16. Ndf3 Qe7 17. e5 Nfd5 18. Bd2 dxe5 19. fxe5 Rce8 20. Ne4
f5 21. exf6 Nxf6 22. Nxf6+ Rxf6 23. Bxh6 Bxh6 24. Qxh6 c5 25. c4 cxd4 26. Nxd4
Qc5 27. Rad1 Rxf1+ 28. Kxf1 Qf8+ 29. Qxf8+ Rxf8+ 30. Ke2 Re8 31. Rf1 Kg7 32. h4
a6 33. g4 e5 34. Nc2 Re7 35. Ne3 Rd7 36. Rd1 Rxd1 37. Nxd1 Kf6 38. Ke3 Nd7 39.
Nc3 Ke6 40. Ne4 b6 41. b4 b5 42. cxb5 axb5 43. Nc5+ Kd6 44. Nxd7 Kxd7 45. Ke4
Ke6 46. h5 {1-0 Kraemer,R-Baumann,G, BRD 1998}) 8... b6 9. Re1 e5 10. d5 h6 11.
Bd3 Nc5 12. Bxc5 bxc5 13. h3 Rb8 14. Nc4 Bd7 15. Qc2 Qe8 16. Rab1 Nh5 17. Kh2
f5 18. g3 Qf7 19. Nh4 f4 20. g4 Nf6 21. f3 Nh7 22. Rg1 Bf6 23. Qf2 Qe7 24. Nxg6
Qg7 25. Nxf8 Rxf8 26. b4 Qe7 27. bxc5 dxc5 28. Rb7 Bh4 29. Qf1 Bc8 30. d6 Qf6
31. Rxc7 Be6 32. Rxc5 Bxc4 33. Bxc4+ Kh8 34. Qd3 Ng5 35. Kg2 Nf7 36. Bxf7 Rxf7
37. d7 Kg7 38. Rc8 Qb6 39. d8=Q Qf2+ 40. Kh1 Bxd8 41. Rd1 1-0

[Event "SU Annen (ch)"]
[Site "?"]
[Date "2024.04.01"]
[Round "6"]
[White "Solomov, Christian"]
[Black "Stergar, Lothar"]
[Result "1-0"]
[WhiteElo "1152"]
[BlackElo "1612"]
[PlyCount "135"]
[EventDate "2024.01.12"]
[EventType "swiss"]
[EventRounds "7"]
[SourceDate "2024.01.12"]

1. e4 c5 2. Nf3 d6 3. d4 cxd4 4. Nxd4 Nf6 5. Nc3 a6 6. Bc4 e6 7. Bb3 Be7 8. O-O
O-O 9. Be3 Qc7 10. Qf3 Bd7 11. Qg3 Nh5 12. Qh3 Nf6 {#} 13. Rad1 (13. g4 Nc6 14.
g5 Ne8 15. Qg2 b5 16. a3 Na5 17. f4 Nxb3 18. cxb3 Qb7 19. f5 g6 20. f6 Bd8 21.
Nc2 a5 22. b4 Rc8 23. Bf2 h6 24. h4 Rc4 25. Qg3 e5 26. Rfe1 Kh7 27. Rad1 axb4
28. Nxb4 Rh8 29. b3 Rc8 30. Kg2 Ra8 31. Rh1 Rxa3 32. Ncd5 Rg8 33. Ra1 Ra8 34.
Qf3 Be6 35. Rxa8 Qxa8 36. Kg3 Qc8 37. Be3 h5 38. Rc1 Qb7 39. Ra1 Qc8 40. Ra7
Rf8 41. Bf2 Qc1 42. Kg2 Qc8 43. Qd1 Bh3+ 44. Kh2 Nc7 45. Nb6 Qg4 46. Qxg4 Bxg4
47. Nc6 Ne6 48. Nd5 Bd1 49. b4 Bc2 50. Nc3 Bd3 51. Kg3 Bc7 52. Kf3 Bb8 53. Nxb8
Rxb8 54. Rxf7+ Kg8 55. Rd7 Bc4 56. Rxd6 Nd8 57. Ba7 Rc8 58. Nd5 Ra8 59. Rd7 Ne6
60. Ne7+ Kf7 61. Nc6+ {1-0 Hagen,T-Sterud,E (2211), email 2009}) 13... Nc6 14.
Nxc6 Qxc6 15. Ba4 b5 16. Bb3 Nxe4 17. Nxe4 Qxe4 18. Bd5 exd5 19. Qxd7 Rfe8 20.
Rfe1 Bf8 21. Re2 d4 22. Rxd4 Qxd4 23. Bxd4 Rxe2 24. g3 Rxc2 25. Qf5 Rc4 26. Bc3
Re8 27. Qd7 Re2 28. Qb7 Ra4 29. a3 Rc2 30. Qf3 Rc1+ 31. Kg2 Rc4 32. Qb7 Ra4 33.
Bb4 Ra1 34. Qb8 Rxb4 35. axb4 g6 36. b3 Rb1 37. Qa7 Rxb3 38. Qxa6 Rxb4 39. Qa3
d5 40. Qd3 d4 41. Kf3 Rc4 42. Kg4 Bb4 43. Kg5 Rc5+ 44. Kg4 Bc3 45. f4 b4 46.
Qc2 Rd5 47. Qa4 d3 48. Qa8+ Kg7 49. Qxd5 d2 50. Kf3 h5 51. h3 Kf8 52. g4 hxg4+
53. hxg4 Kg7 54. Ke2 Kf8 55. f5 Kg7 56. fxg6 Kxg6 57. Qh5+ Kg7 58. g5 b3 59.
Qh6+ Kg8 60. Qh1 Kg7 61. Qb1 b2 62. Kd1 f6 63. g6 Kh6 64. Qd3 Be5 65. Kxd2 Kg7
66. Qf5 Kh6 67. Kc2 Kg7 68. Qh5 1-0

[Event "SU Annen (ch)"]
[Site "?"]
[Date "2024.04.26"]
[Round "7"]
[White "Krug, Christopher"]
[Black "Schröder, Paul"]
[Result "1-0"]
[WhiteElo "1498"]
[BlackElo "1508"]
[PlyCount "119"]
[EventDate "2024.01.12"]
[EventType "swiss"]
[EventRounds "7"]
[SourceDate "2024.01.12"]

1. d4 d5 2. Nf3 Nf6 3. Bf4 Nbd7 4. h3 e6 5. e3 c5 6. c3 Be7 7. Nbd2 a6 8. Bd3
b5 9. Ne5 Nxe5 10. Bxe5 Bb7 {#} 11. Nf3 (11. O-O Qb6 12. a3 Nd7 13. Bg3 h5 14.
Nf3 c4 15. Be2 g5 16. Ne5 h4 17. Nxd7 Kxd7 18. Be5 f6 19. Bh2 Rag8 20. f3 Bc6
21. Qc2 f5 22. Be5 Rh7 23. Rf2 Bd6 24. Bxd6 Kxd6 25. Raf1 Kc7 26. Bd1 Re7 27.
Qb1 Kb8 28. Bc2 g4 29. fxg4 fxg4 30. Rf8+ Rxf8 31. Rxf8+ Kb7 32. hxg4 Rg7 33.
Rf4 e5 34. Rf6 Qc7 35. Bf5 exd4 36. exd4 h3 37. Rh6 hxg2 38. Kxg2 Qf4 39. Rh4
Re7 40. Rh7 Rxh7 41. Bxh7 Qxg4+ 42. Kf2 Qf4+ 43. Ke2 Bd7 44. Qc2 Bg4+ 45. Ke1
Qe3+ {0-1 Gimenez Ruiz,J (1697)-Marin Corresa,A (2114), Mislata 2017}) (11. Qf3
Rc8 12. a3 Qb6 13. g4 O-O 14. g5 Ne4 15. Nxe4 dxe4 16. Bxe4 Bxe4 17. Qxe4 a5
18. Rg1 b4 19. dxc5 Bxc5 20. axb4 axb4 21. Rg4 Bd6 22. Rh4 f5 23. gxf6 Bxe5 24.
Qxh7+ Kf7 25. Qxg7+ Ke8 26. Qe7# {1-0 Vitoux,C (2429)-Roblet,C (2089), St.
Denis 2009}) 11... Nd7 12. Qb1 Nxe5 13. Nxe5 cxd4 14. exd4 f6 15. Bg6+ Kf8 16.
Nf7 Qc7 17. Nxh8 hxg6 18. Nxg6+ Kf7 19. Nxe7 Qxe7 20. O-O e5 21. Qd3 e4 22. Qg3
Rh8 23. a3 a5 24. b4 Rc8 25. Rfe1 Qd7 26. Re3 Rc4 27. Qh4 Qc8 28. Qg3 Qa8 29.
f4 axb4 30. cxb4 Rxb4 31. f5 Rc4 32. Qg6+ Kg8 33. Rg3 Qf8 34. Rd1 Qf7 35. Qh6
Bc8 36. Qf4 Qh5 37. Rb1 Bd7 38. Qb8+ Rc8 39. Qd6 Qf7 40. a4 Rc6 41. Qb8+ Rc8
42. Qb7 bxa4 43. Qa7 Bc6 44. Qxf7+ Kxf7 45. Rc1 Bd7 46. Rxc8 Bxc8 47. Ra3 Bxf5
48. Rxa4 Bd7 49. Ra7 Ke6 50. Kf2 g5 51. g3 Be8 52. h4 Kf5 53. Re7 Bg6 54. hxg5
fxg5 55. Re5+ Kf6 56. Rxd5 Bf7 57. Re5 Bg6 58. Ke3 Bh7 59. g4 Bg6 60. Rxe4 1-0